00580nam a2200169Ia 450000500170000000800460001703700120006304000200007504100130009508400230010824500630013126000570019430000090025194200230026099900210028395201060030420250508154438.0008 250505s9999 xx 000 0 eng d aTextual aFEDLbengcFEDL aeng2eng a655.255, INDqFEDL 0aIndian standard proof corrections for printers and authors aNew Delhi, IndiabIndian Standards Institutionc1959 a21p. cTEXLh655.255, IND c1350293d1350293 00104070aFEDLbFEDLd2025-05-08l0o655.255, INDpEL0034220r2025-05-08 15:44:38w2025-05-08yTEXL